LEADER 01267nam a2200313 a 4500 001 000000128435 003 CaOOAMICUS 005 20120420101213.0 008 120420s2012 it a 000 0 ita r 040 $aPUL$bita 082 04$a750 100 1 $aCecchi, Alessandro.$0(OLS)http://pul/name/82065 245 10$aBotticelli /$cAlessandro Cecchi. 250 $aEd. speciale per il Sole 24 Ore. 260 $aMilano :$bIl Sole 24 ore,$c2012$aFirenze :$bE-ducation.it S.p.a.,$c2012. 300 $a157 p. :$bill. ;$c21 cm 490 1 $aI grandi maestri ;$v8 500 $aIn custodia. 504 $aInclude riferimenti bibliografici. 600 14$aBotticelli, Sandro,$d1444 o 5-1510.$0(OLS)http://pul/subject/37569 830 2$aI grandi maestri ;$v8.$0(OLS)http://pul/title/162243 850 $aPUL 852 $aPUL$W1$xDP2 Cons. Gen., Altre Classi 3$y97$m750 COLL 2.8$j148757$qDDC 21$B147287$CPULBib$Z2$F147287 $H119547 $82 941 1 $a9 996 $6082$a750$9(OLS)http://pul/classification/363 996 $6245$aBotticelli$9(OLS)http://pul/title/157611 996 $6260$aMilano :$bIl Sole 24 ore$9(OLS)http://pul/publisher/69212 996 $6260$aFirenze :$bE-ducation.it S.p.a.$9(OLS)http://pul/publisher/81559 LEADER 01192nam a2200277 u 4500 001 000000057648 003 CaOOAMICUS 005 20070226120614.0 008 010514s1986 it cf u000 u ita u 035 $a10888723 040 $aPUL(R)$bita 041 1 $aita$hlat 100 1 $aBacon, Francis,$d1561-1626.$0(OLS)http://pul/name/5096 240 10$aNovum organum$9(Bacon, Francis, 1561-1626).$lItaliano.$0(OLS)http://pul/title/72070 245 10$aNovum organum /$cFrancesco Bacone ; a cura di Enrico De Mas ; con una iontroduzione di Armando Carlini. 260 $aBrescia :$bLa Scuola,$c1986. 300 $axxvi, 85 p., [1] c. di tav. :$britr. ;$c20 cm 490 1 $aIl pensiero 700 1 $aCarlini, Armando,$d1878-1959.$0(OLS)http://pul/name/3657 700 1 $aDe Mas, Enrico.$0(OLS)http://pul/name/9889 830 3$aIl pensiero.$0(OLS)http://pul/title/64099 850 $aPUL 852 $aPUL$W1$xDP1 Altre Collocazioni$y17$mSenza collocazione$j12$nBK-PRI$b $qStampati$B75364$CPULBib$Z2$F75364 $H $81 941 1 $a8 996 $6245$aNovum organum$9(OLS)http://pul/title/72071 996 $6260$aBrescia :$bLa Scuola$9(OLS)http://pul/publisher/48404